Geometric functional analysis and its applications

Guardat en:
Dades bibliogràfiques
Autor principal: Holmes, Richard B (Autor)
Format: Llibre
Idioma:anglès
Publicat: Nueva York Springer-Verlag 1975
Col·lecció:Graduate Texts in Mathematics, 24
Matèries:
Etiquetes: Afegir etiqueta
Sense etiquetes, Sigues el primer a etiquetar aquest registre!

MARC

LEADER 00000nam a2200000 a 4500
001 UCP0351
003 CL-VaPUC
008 990305e19750000US |||||||||||||||||eng|d
082 0 4 |a 515.7  |b HOL  |2 21 
100 0 |a Holmes, Richard B  |e author  |9 425599 
245 1 0 |a Geometric functional analysis and its applications 
300 |a 246 p 
942 |c BK 
945 |d 19990305 00:00:00  |a crobeson 
260 |a Nueva York  |b Springer-Verlag  |c 1975 
650 0 |a Análisis funcional   |9 269993 
650 7 |a CONVEXIDAD  |2 CL-VaPUC  |9 425600 
650 0 |a Espacios topológicos   |9 360015 
650 7 |a ESPACIOS LINEALES  |2 CL-VaPUC  |9 422403 
650 7 |a ESPACIOS DE BANACH  |2 CL-VaPUC  |9 260167 
583 |a last modification  |c 19990305 00:00:00  |k Rodrigo Vera 
490 0 |a Graduate Texts in Mathematics, 24 
999 |c 279176  |d 279174 
952 |0 0  |1 0  |4 0  |6 515_700000000000000_HOL_1975  |7 0  |8 A  |9 318102  |a BIBMAT  |b BIBMAT  |d 2019-11-20  |i 1324241  |o 515.7 HOL 1975  |p 1324241  |r 2025-01-07  |w 2019-11-20  |y BK  |k MAT